000 00330nam a2200121Ia 4500
008 220216s9999 xx 000 0 und d
100 _aLoh C F
245 0 _aCurrent replanting methods for oil palm/rubber- A case for re-evaluation and research
260 _bPlanter
_c1979
300 _a114-124
650 _aRubber
942 _cJS
999 _c56654
_d56654